Online Catalogue and eLibrary

Women, knowledge, and reality : (Record no. 46)

MARC details
000 -LEADER
fixed length control field 00656cam a2200229 a 4500
001 - CONTROL NUMBER
control field 3397502
005 - DATE AND TIME OF LATEST TRANSACTION
control field 20231121025555.0
008 - FIXED-LENGTH DATA ELEMENTS--GENERAL INFORMATION
fixed length control field 890201s1989 mau b 001 0 eng
020 ## - INTERNATIONAL STANDARD BOOK NUMBER
ISBN 0044452217
020 ## - INTERNATIONAL STANDARD BOOK NUMBER
ISBN 0044452225 (pbk.)
040 ## - CATALOGING SOURCE (பட்டியலாக்க மூலம்)
Original cataloging agency DLC
Transcribing agency DLC
Modifying agency DLC
082 00 - DDC Classification
Class No. 305.4/2/01
DDC Edition Number 19
245 00 - TITLE STATEMENT
Title Women, knowledge, and reality :
Remainder of title explorations in feminist philosophy /
Statement of responsibility, etc. Ann Garry, Marilyn Pearsall.
260 ## - PUBLICATION, DISTRIBUTION, ETC.
Place of publication, distribution, etc. Boston :
Name of publisher, distributor, etc. Unwin Hyman,
Date of publication, distribution, etc. 1989.
300 ## - PHYSICAL DESCRIPTION
Extent (e.g. Volumes, Pages etc.) xiv, 354 p. :
650 #0 - SUBJECT ADDED ENTRY--TOPICAL TERM
Topical term or geographic name entry element Feminist theory.
650 #0 - SUBJECT ADDED ENTRY--TOPICAL TERM
Topical term or geographic name entry element Philosophy.
650 #0 - SUBJECT ADDED ENTRY--TOPICAL TERM
Topical term or geographic name entry element Knowledge, Theory of.
700 1# - ADDED ENTRY--PERSONAL NAME
Personal name Garry, Ann.
Relator term (Role) Editor
700 1# - ADDED ENTRY--PERSONAL NAME
Personal name Pearsall, Marilyn.
Relator term (Role) Editor
942 ## - Koha item type (Biblio)
Koha item type Books in Stacks (Lending)
Holdings
Lost status Damaged status Collection code Home library Current library Date acquired Full call number Accession Number Item type
    Lending WERC Library WERC Library 11/21/2023 305.4/2/01 3808 Books in Stacks (Lending)

© WERC Library